000 00851nam a2200229 i 4500
001 72355
003 ES-MaACL
005 20230906171420.0
007 t|
008 040831s1959 sp ||||1| spa d
100 1 _aGiovanna, A. della.
_957173
245 1 0 _aDefectos de fabricación en los tejidos /
_cpor A. della Giovanna y G. Poles ; traducción por Miguel A. Bassas ; con un apéndice sobre defectos en los tejidos de lana por Manuel Ruiz Andrés.
260 _aBarcelona :
_bJosé Montesó,
_c1959 (
_fClarasó)
300 _aVIII, 429 p. :
_bil. ;
_c22 cm.
490 1 _aBiblioteca de técnica textil
700 1 _aPoles, G.
_992810
700 1 _aBassas, Miguel A.
_926304
700 1 _aRuiz Andrés, Manuel.
_9100654
830 0 _aBiblioteca de técnica textil
_9189915
852 _aES-MaACL
_jC-17571
_bR.40758
999 _c72355
_d72355